|
|
|
|
| LEADER |
00000nam0a2200000 4500 |
| 001 |
127644 |
| 005 |
20231031132321.0 |
| 035 |
|
|
|a (RuTPU)RU\TPU\book\138089
|
| 035 |
|
|
|a RU\TPU\book\138009
|
| 090 |
|
|
|a 127644
|
| 100 |
|
|
|a 20071218d1960 m y0rusy50 ca
|
| 101 |
1 |
|
|a rus
|c eng
|
| 102 |
|
|
|a RU
|
| 105 |
|
|
|a a z 000ay
|
| 200 |
1 |
|
|a Прекрасный дом
|e Роман
|f Д. Коуп
|g пер. с англ. Н. Емельянникова ; авт. послесл. А. Давидсон
|
| 210 |
|
|
|a Москва
|c Иностранная литература
|d 1960
|
| 215 |
|
|
|a 390 с.
|c ил.
|
| 333 |
|
|
|a Исключено из фонда НТБ ТПУ
|
| 700 |
|
1 |
|a Коуп
|b Д.
|g Джек
|
| 702 |
|
1 |
|a Емельянникова
|b Н.
|4 730
|
| 702 |
|
1 |
|a Давидсон
|b А.
|4 075
|
| 801 |
|
1 |
|a RU
|b 63413507
|c 20071217
|g PSBO
|
| 801 |
|
2 |
|a RU
|b 63413507
|c 20161111
|g PSBO
|
| 942 |
|
|
|c BK
|